| 000 | 01211naa a22002657a 4500 | ||
|---|---|---|---|
| 001 | BR9501688 | ||
| 003 | BR-BrBNA | ||
| 005 | 20250721155531.0 | ||
| 007 | ta | ||
| 008 | 250630b bl.|||m| |||| 00| 0 por d | ||
| 040 |
_aBR-BrBNA _bpor _cBiblioteca Nacional de Agricultura |
||
| 041 | _a(Pt) | ||
| 072 | _aL10 | ||
| 090 | _aL10 BR9501688 | ||
| 100 | 1 | _aBaccari Junior, F. | |
| 111 | 1 |
_a1. Simposio Internacional de Bioclimatologia Animal nos Tropicos: Pequenos e Grandes Ruminantes _cFortaleza, CE (Brazil) _d31 Mar-4 Abr 1986 |
|
| 245 | 1 | _aMetodos e tecnicas de avaliacao da adaptabilidade dos animais as condicoes tropicais | |
| 500 | _aAnais do 1. Simposio Internacional de Bioclimatologia Animal nos Tropicos: Pequenos e Grandes Ruminantes Sobral, CE (Brasil): 1993. p. 9-17 [23 ref.] (BR9501688-AMS) | ||
| 773 | 0 |
_tAnais do 1. Simposio Internacional de Bioclimatologia Animal nos Tropicos: Pequenos e Grandes Ruminantes _wL10 BR9501688 _gSobral, CE (Brasil), 1993. p. 9-17 |
|
| 650 | _aAclimatacao | ||
| 650 | _aBioclimatologia | ||
| 490 |
_aDocumentos - Centro Nacional de Pesquisa de Caprinos (Brazil) _vno. 7 _xISSN 0101-7271 |
||
| 942 |
_cAMS _2AGRIS |
||
| 909 |
_a202506 _bLúcia _c55 _dLúcia Elande |
||
| 999 |
_c337066 _d337066 |
||